| Tag |
First Indicator |
Second Indicator |
Subfields |
| LEADER |
00000cgm a2200000Ia 4500 |
| 001 |
in00003360421 |
| 005 |
20151206085305.0 |
| 007 |
vd cvaizq |
| 008 |
130524s2012 txu068 vleng d |
| 020 |
|
|
|a 9780989343008
|
| 020 |
|
|
|a 0989343006
|
| 035 |
|
|
|a (OCoLC)ocn844351958
|
| 035 |
|
|
|a (OCoLC)844351958
|
| 040 |
|
|
|a UMC
|c UMC
|d IXA
|d UtOrBLW
|
| 043 |
|
|
|a n-us-tx
|
| 049 |
|
|
|a TXAM
|
| 090 |
|
|
|a GV1624.5.A97
|b T7 2012
|
| 245 |
0 |
0 |
|a Trash dance /
|c a film by Andrew Garrison.
|
| 264 |
|
2 |
|a [Texas?] :
|b Distributed by Panther Creek Pictures,
|c [2012]
|
| 264 |
|
4 |
|c ©2012
|
| 300 |
|
|
|a 1 videodisc (68 min.) :
|b sound, color ;
|c 4 3/4 in.
|
| 336 |
|
|
|a two-dimensional moving image
|b tdi
|2 rdacontent
|
| 337 |
|
|
|a video
|b v
|2 rdamedia
|
| 338 |
|
|
|a videodisc
|b vd
|2 rdacarrier
|
| 538 |
|
|
|a DVD; widescreen (1.77:1); Dolby Pro Logic 5.1.
|
| 511 |
0 |
|
|a Featuring: Allison Orr ("trash project" creator/choreographer); members of the City of Austin Solid Waste Services.
|
| 508 |
|
|
|a Producer, director, director of photography, Andrew Garrison; editor, Angela K. Pires; music, Graham Reynolds.
|
| 520 |
|
|
|a "Choreographer Allison Orr finds beauty and grace in garbage trucks, and in the unseen men and women who pick up our trash. Filmmaker Andrew Garrison follows Orr as she rides along with Austin, Texas sanitation workers on their daily routes to observe and later convince them to perform a most unlikely spectacle. On an abandoned airport runway, two-dozen trash collectors and their trucks deliver, for one night only, a stunningly beautiful and moving performance in front of an audience of thousands."--Container.
|
| 500 |
|
|
|a Videorecording.
|
| 650 |
|
0 |
|a Modern dance
|z Texas
|z Austin.
|
| 650 |
|
0 |
|a Refuse collectors
|z Texas
|z Austin.
|
| 650 |
|
0 |
|a Sanitation workers
|z Texas
|z Austin.
|
| 650 |
|
0 |
|a Mechanization in dance.
|
| 650 |
|
0 |
|a Choreography.
|
| 610 |
1 |
0 |
|a Austin (Tex.).
|b Solid Waste Services.
|
| 655 |
|
7 |
|a Documentary films.
|2 lcgft
|
| 655 |
|
7 |
|a Nonfiction films.
|2 lcgft
|
| 700 |
1 |
|
|a Garrison, Andrew,
|e producer,
|e director,
|e cinematographer.
|
| 700 |
1 |
|
|a Orr, Allison,
|e choreographer.
|
| 700 |
1 |
|
|a Reynolds, Graham,
|d 1971-
|e composer.
|
| 710 |
2 |
|
|a Panther Creek Pictures,
|e distributor.
|
| 994 |
|
|
|a C0
|b TXA
|
| 948 |
|
|
|a cataloged
|b h
|c 2013/10/18
|d c
|e blrosas
|f 9:40:55 am
|
| 999 |
|
|
|a MARS
|
| 999 |
f |
f |
|s 601d108f-17d3-328e-966b-143bf6f1e8d8
|i 4946a314-fa71-3e2e-8422-793caed81227
|t 0
|
| 952 |
f |
f |
|p ric
|a Texas A&M University
|b Rellis Campus
|c Joint Library Facility
|d Remote Storage
|t 0
|e GV1624.5.A97 T7 2012
|h Library of Congress classification
|i video -- videodisc
|m A14842126048
|
| 998 |
f |
f |
|a GV1624.5.A97 T7 2012
|t 0
|l Remote Storage
|